Japanese Missions to the International Space Station Hope from the East /

Japan has a rich history of human spaceflight, flying in space with both NASA and the Soviet/Russian space agencies over the years. This book tells the story of the JAXA astronauts who have visited the International Space Station and how they have lived on board, helped construct the space laborator...

Full description

Bibliographic Details
Main Author: O'Sullivan, John (Author, http://id.loc.gov/vocabulary/relators/aut)
Corporate Author: SpringerLink (Online service)
Format: Electronic eBook
Language:English
Published: Cham : Springer International Publishing : Imprint: Springer, 2019.
Edition:1st ed. 2019.
Series:Space Exploration
Subjects:
Online Access:Full Text via HEAL-Link
LEADER 04069nam a2200529 4500
001 978-3-030-04534-0
003 DE-He213
005 20191025151422.0
007 cr nn 008mamaa
008 190323s2019 gw | s |||| 0|eng d
020 |a 9783030045340  |9 978-3-030-04534-0 
024 7 |a 10.1007/978-3-030-04534-0  |2 doi 
040 |d GrThAP 
050 4 |a T-TX 
072 7 |a PDZ  |2 bicssc 
072 7 |a TEC000000  |2 bisacsh 
072 7 |a PDZ  |2 thema 
082 0 4 |a 600  |2 23 
100 1 |a O'Sullivan, John.  |e author.  |4 aut  |4 http://id.loc.gov/vocabulary/relators/aut 
245 1 0 |a Japanese Missions to the International Space Station  |h [electronic resource] :  |b Hope from the East /  |c by John O'Sullivan. 
250 |a 1st ed. 2019. 
264 1 |a Cham :  |b Springer International Publishing :  |b Imprint: Springer,  |c 2019. 
300 |a XXIV, 311 p. 149 illus. in color.  |b online resource. 
336 |a text  |b txt  |2 rdacontent 
337 |a computer  |b c  |2 rdamedia 
338 |a online resource  |b cr  |2 rdacarrier 
347 |a text file  |b PDF  |2 rda 
490 1 |a Space Exploration 
505 0 |a Foreword -- Preface -- Acknowledgements -- About the author -- Acronyms -- Part 1: Background -- Chapter 1:Before ISS -- Chapter 2: Spacecraft -- Part 2: Missions -- Chapter 3: STS-92 -- Chapter 4: STS-114 -- Chapter 5: STS-123 -- Chapter 6: STS-124 -- Chapter 7: STS-119, Expeditions 18, 19 and 20, STS-127 -- Chapter 8: Soyuz TMA-17, Expeditions 22 and 23 -- Chapter 9: STS-131 -- Chapter 10: Soyuz TMA-02M, Expeditions 28 and 29 -- Chapter 11: Soyuz TMA-05M, Expeditions 32 and 33 -- Chapter 12: Soyuz TMA-11M, Expeditions 38 and 39 -- Chapter 13: Soyuz TMA-17M, Expeditions 44 and 45 -- Chapter 14: Soyuz MS-01, Expeditions 48 and 49 -- Chapter 15: Soyuz MS-07, Expeditions 54 and 55 -- The Future -- Bibliography -- Image links -- Appendix: Japanese Missions to the ISS -- Index. 
520 |a Japan has a rich history of human spaceflight, flying in space with both NASA and the Soviet/Russian space agencies over the years. This book tells the story of the JAXA astronauts who have visited the International Space Station and how they have lived on board, helped construct the space laboratory and performed valuable scientific experiments. JAXA has contributed the largest single module to the ISS: the Kibō (Hope) science laboratory with its Logistics Module, Exposed Facility and robot arm. JAXA supplies the station with cargo and supplies on its automated cargo spacecraft, the H-II Transfer Vehicle (HTV), but it is the human endeavour that captures the imagination. From brief visits to six-month expeditions, from spacewalking to commanding the Earth's only outpost in space, JAXA astronauts have played a vital role in the international project. Extensive use of colour photographs from NASA and JAXA depicting the experiments carried out and the phases of the ISS construction, together with the personal stories of the astronauts' experiences in space, highlight the crucial part the Japanese have played in human spaceflight. 
650 0 |a Technology. 
650 0 |a Aerospace engineering. 
650 0 |a Astronautics. 
650 0 |a Space sciences. 
650 0 |a Japan-History. 
650 1 4 |a Popular Science in Technology.  |0 http://scigraph.springernature.com/things/product-market-codes/Q36000 
650 2 4 |a Aerospace Technology and Astronautics.  |0 http://scigraph.springernature.com/things/product-market-codes/T17050 
650 2 4 |a Space Sciences (including Extraterrestrial Physics, Space Exploration and Astronautics).  |0 http://scigraph.springernature.com/things/product-market-codes/P22030 
650 2 4 |a History of Japan.  |0 http://scigraph.springernature.com/things/product-market-codes/715020 
710 2 |a SpringerLink (Online service) 
773 0 |t Springer eBooks 
776 0 8 |i Printed edition:  |z 9783030045333 
776 0 8 |i Printed edition:  |z 9783030045357 
830 0 |a Space Exploration 
856 4 0 |u https://doi.org/10.1007/978-3-030-04534-0  |z Full Text via HEAL-Link 
912 |a ZDB-2-PHA 
950 |a Physics and Astronomy (Springer-11651)